| 000 | 00660nam a2200193 a 4500 | ||
|---|---|---|---|
| 001 | 000025300 | ||
| 003 | DO-SdBNP | ||
| 005 | 20210615135225.0 | ||
| 008 | 110317s2004 dr a 000 0 spa d | ||
| 040 |
_aDO-SdBNP _bspa _cBNPHU |
||
| 049 | _aBNPD | ||
| 082 |
_axxx _bR426s |
||
| 110 | 1 |
_aRepública Dominicana. _bSecretariado Técnico de la Presidencia _bOficina Nacional de Estadística _910866 |
|
| 245 | 1 | 0 | _aVIII censo de población y vivienda 2002. |
| 246 | _aOctavo censo nacional de población y vivienda | ||
| 260 |
_aSanto Domingo : _bOficina Nacional de Estadística (ONE), _c2004. |
||
| 300 |
_a242 p. : _bil., mapas ; _c28 cm. |
||
| 942 |
_2ddc _cLBS1 |
||
| 999 |
_c24793 _d24793 |
||